00443nam a2200157Ia 4500008004100000020001800041041000800059082001700067100001300084245008500097250001200182260003400194300002800228365001600256700001300272230718s9999 xx 000 0 und d a9789351072546 aeng a345.064bCAS aCasey E. aDigital Evidence And Computer CrimebForensic Science, Computer And The Internet a3rd ed. c2014bAcademic Press/Elsevier a807dRef 1544 C (48698) cRs.b625.00 aCasey E.